Hai mô hình kinh tế và sự đổi mới kinh tế qua thực tiễn phát triển nông nghiệp ở Việt Nam

Đã lưu trong:
书目详细资料
主要作者: Vũ Trọng Khải
格式: 图书
语言:Vietnamese
出版: Chính trị quốc gia 2002
标签: 添加标签
没有标签, 成为第一个标记此记录!
Thư viện lưu trữ: Mạng thư viện Đại học Đà Nẵng
LEADER 00719nam a2200253 4500
001 000020431
003 16877
005 20150318100341.0
008 150318s2002 viesd
020 |c 84000 
041 0 |a vie 
082 1 4 |a 338.18  |b VU-K 
100 1 |a Vũ Trọng Khải 
245 1 0 |a Hai mô hình kinh tế và sự đổi mới kinh tế qua thực tiễn phát triển nông nghiệp ở Việt Nam  |c Vũ Trọng Khải 
260 |b Chính trị quốc gia  |c 2002 
300 |a tr.  |c cm. 
OWN |a LSP 
999 |a From the UDN01 
TYP |a Monograph 
TYP |a Printed language 
980 |a Mạng thư viện Đại học Đà Nẵng